| 000 | 00757cab a2200205 4500 | ||
|---|---|---|---|
| 001 | L136275 | ||
| 008 | 070123n2007 000 0 eng u | ||
| 035 | _a(Sirsi) u136275 | ||
| 041 | _aeng | ||
| 100 | 1 | _aKeeble, Simon | |
| 245 | 0 | 0 | _aRespect the client's interests |
| 260 | _c2007 | ||
| 490 | 0 |
_aEstates Gazette _v(0703) 20 January 2007, 120-121(2) |
|
| 520 | _aLooks at the competencies, ethics and standards expected of surveyors, giving a summary of the nine core principles and explaining the importance of having guidelines and codes of practice. | ||
| 590 | _aKA | ||
| 650 | 2 | 4 | _aRICS CONDUCT REGULATIONS 2004 |
| 651 | 4 |
_aUnited Kingdom _y |
|
| 690 | _aMANAGEMENT-BUSINESS MANAGEMENT-PROFESSIONAL PRACTICE-PROFESSIONAL ETHICS | ||
| 942 | _n0 | ||
| 999 |
_c78223 _d78223 |
||